000 00205 a2200097 4500
001 29306
100 _aModoodi
245 _aRasail-o-Masail (Vol-IV)
260 _a
_bPak Islamia
_c
090 _c19523
_d19523
942 _aNUST-CAE
_cM
_c10584
999 _c264379
_d264379